Journal of the Association of Official Analytical Chemists (Record no. 183)

MARC details
000 -LEADER
fixed length control field 00461nam a2200145Ia 4500
022 ## - INTERNATIONAL STANDARD SERIAL NUMBER
ISSN 0004-5756
245 #0 - TITLE STATEMENT
Title Journal of the Association of Official Analytical Chemists
260 ## - PUBLICATION, DISTRIBUTION, ETC. (IMPRINT)
Name of publisher Association of Official Analytical Chemists, Arlington
Place of publication USA
310 ## - CURRENT PUBLICATION FREQUENCY
Current publication frequency BM
500 ## - GENERAL NOTE
General note Ending Volume & Year: 70, 1987
500 ## - GENERAL NOTE
General note Missing Volume: 64(4-6);67(1)
500 ## - GENERAL NOTE
General note Starting Volume & Year: 41, 1958
942 ## - ADDED ENTRY ELEMENTS (KOHA)
Koha item type Bound Journal
Holdings
Withdrawn status Lost status Damaged status Not for loan Home library Current library Date acquired Accession Number Koha item type
      Bound journals RRII Library RRII Library 31/12/2021 00175J Bound Journal